| 000 | 00741nas a2200229 4500 | ||
|---|---|---|---|
| 001 | BR8802675 | ||
| 003 | BR-BrBNA | ||
| 005 | 20231205091126.0 | ||
| 007 | ta | ||
| 008 | 230509b bl.|||p| |||| 00| 00por d | ||
| 040 |
_aBR-BrBNA _bpor _cBiblioteca Nacional de Agricultura |
||
| 041 | _a(Pt) | ||
| 072 | _aE71 | ||
| 110 | 1 |
_aAssociacao Brasileira de Criadores de Bovinos da Raca Holandesa, Sao Paulo, SP (Brasil) _9243 |
|
| 245 | 1 | _aAssociacao estabelece normas para importacao de animais | |
| 246 | 1 | _a[Rules for animal import] | |
| 650 | _aGADO HOLANDES | ||
| 650 | _aIMPORTACAO | ||
| 773 | 0 |
_tGado Holandes (Brazil) _x _g(Aug 1986), v. 50(129) p. 8-13 _wBR8802675 |
|
| 909 |
_a202311 _bLúcia _c55 _dLúcia Elande |
||
| 942 |
_2AGRIS _n0 _cANA |
||
| 999 |
_c122956 _d122956 |
||